00318nam a2200121Ia 45000030006000000080041000060400015000471000013000622450061000752600031001365460012001670050017001790STCL150530s9999 xx 000 0 und d aSTCLcSTCL aLindeman aBasic selections from emerson essays poems and apothegms bNew American libraryc1954 aEnglish20220125171403.0